Rozpočet Európskej únie v skratke

Salvato in:
Dettagli Bibliografici
Ente Autore: European Commission
Natura: Libro
Lingua:slovacco
Pubblicazione: Luxembourg Úrad pre vydávanie publikácií Európskej únie 2010
Soggetti:
Tags: Aggiungi Tag
Nessun Tag, puoi essere il primo ad aggiungerne!!

MARC

LEADER 00000nam a2200000 4500
001 0128715
005 20221108071410.6
020 |a 978-927914457-8 
041 0 |a slo 
044 |a LU 
245 1 0 |a Rozpočet Európskej únie v skratke 
264 1 |a Luxembourg  |b Úrad pre vydávanie publikácií Európskej únie  |c 2010 
300 |a 15 s. 
610 2 0 |a Európska únia 
610 2 0 |a rozpočet štátny 
610 2 0 |a politika rozpočtová 
710 2 |a European Commission